The rise, the fall, and the recovery of Southeast Asia's minidragons : (Record no. 20988)
[ view plain ]
| 000 -LEADER | |
|---|---|
| fixed length control field | 01839cam a22003015a 4500 |
| 001 - CONTROL NUMBER | |
| control field | 14659365 |
| 005 - DATE AND TIME OF LATEST TRANSACTION | |
| control field | 20171008120253.0 |
| 008 - FIXED-LENGTH DATA ELEMENTS--GENERAL INFORMATION | |
| fixed length control field | 061207t2007 mdua frb 001 0 eng d |
| 020 ## - INTERNATIONAL STANDARD BOOK NUMBER | |
| International Standard Book Number | 9780739119822 |
| 020 ## - INTERNATIONAL STANDARD BOOK NUMBER | |
| International Standard Book Number | 0739119826 |
| 040 ## - CATALOGING SOURCE | |
| Original cataloging agency | DLC |
| Transcribing agency | DLC |
| Modifying agency | BAKER |
| -- | BTCTA |
| -- | C#P |
| -- | YDXCP |
| -- | DLC |
| -- | EG-ScBUE |
| Language of cataloging | eng |
| 043 ## - GEOGRAPHIC AREA CODE | |
| Geographic area code | as----- |
| 082 04 - DEWEY DECIMAL CLASSIFICATION NUMBER | |
| Classification number | 330.959 |
| Edition number | 22 |
| Item number | HOL |
| 100 1# - MAIN ENTRY--PERSONAL NAME | |
| Personal name | Hollingsworth, David Anthony, |
| Dates associated with a name | 1970- |
| 9 (RLIN) | 38580 |
| 245 14 - TITLE STATEMENT | |
| Title | The rise, the fall, and the recovery of Southeast Asia's minidragons : |
| Remainder of title | how can their history be lessons we shall learn during the twenty-first century and beyond? / |
| Statement of responsibility, etc | David Anthony Hollingsworth. |
| 250 ## - EDITION STATEMENT | |
| Edition statement | Paperback ed. |
| 260 ## - PUBLICATION, DISTRIBUTION, ETC. (IMPRINT) | |
| Place of publication, distribution, etc | Lanham : |
| Name of publisher, distributor, etc | Lexington Books, |
| Date of publication, distribution, etc | 2008. |
| 300 ## - PHYSICAL DESCRIPTION | |
| Extent | xxx, 265 p. : |
| Other physical details | ill. ; |
| Dimensions | 24 cm. |
| 500 ## - GENERAL NOTE | |
| General note | Index : p. 241-264. |
| 504 ## - BIBLIOGRAPHY, ETC. NOTE | |
| Bibliography, etc | Bibliography : p. 227-239. |
| 505 0# - FORMATTED CONTENTS NOTE | |
| Formatted contents note | The rise and fall of Southeast Asia as a regional economic predominant : some general evaluations -- Taiwan's economic path after the Second World War -- Singapore's vision for economic growth, sustainability, and re-growth of today and tomorrow -- The dynamics behind Malaysia's economic growth : an uneasy road for prosperity still followed -- Thailand : from economic growth to the initial point of the domino effect of currency devaluations and beyond -- Indonesia : its rise to commercial power and factors leading to the instabilities of 1997 and beyond -- The Asia of today and beyond : the lessons to be learned from the Asian experience -- Epilogue : a final school of thought : taking stock in a vision with and beyond the lessons. |
| 650 ## - SUBJECT ADDED ENTRY--TOPICAL TERM | |
| Source of heading or term | BUEsh |
| 651 #0 - SUBJECT ADDED ENTRY--GEOGRAPHIC NAME | |
| Geographic name | Southeast Asia |
| General subdivision | Economic conditions |
| Chronological subdivision | 20th century. |
| Source of heading or term | BUEsh |
| 651 #0 - SUBJECT ADDED ENTRY--GEOGRAPHIC NAME | |
| Geographic name | Southeast Asia |
| General subdivision | Economic policy. |
| Source of heading or term | BUEsh |
| 9 (RLIN) | 12045 |
| 653 ## - INDEX TERM--UNCONTROLLED | |
| Resource For college | BAEPS, Political Science |
| Arrived date list | October2015 |
| -- | October2017 |
| 655 ## - INDEX TERM--GENRE/FORM | |
| Form subdivision | Text book |
| -- | 33728 |
| 942 ## - ADDED ENTRY ELEMENTS (KOHA) | |
| Source of classification or shelving scheme | Dewey Decimal Classification |
| Withdrawn status | Item status | Source of classification or shelving scheme | Damaged status | Not for loan | Vendor | Home library | Current library | Shelving location | Date acquired | Source of acquisition | Total Checkouts | Total Renewals | Full call number | Barcode | Date last seen | Date last borrowed | Koha item type | Cost, normal purchase price |
|---|---|---|---|---|---|---|---|---|---|---|---|---|---|---|---|---|---|---|
| Dewey Decimal Classification | Baccah | Central Library | Central Library | First floor | 26/10/2015 | Purchase | 1 | 4 | 330.959 HOL | 000031185 | 15/07/2025 | 05/10/2019 | Book - Borrowing | |||||
| Dewey Decimal Classification | Baccah | Central Library | Central Library | First floor | 26/10/2015 | Purchase | 330.959 HOL | 000031186 | 15/07/2025 | Book - Borrowing | ||||||||
| Dewey Decimal Classification | Baccah | Central Library | Central Library | First floor | 26/10/2015 | Purchase | 330.959 HOL | 000031187 | 15/07/2025 | Book - Borrowing | ||||||||
| Dewey Decimal Classification | Baccah | Central Library | Central Library | First floor | 08/10/2017 | Purchase | 1 | 330.959 HOL | 000042043 | 15/07/2025 | 25/10/2020 | Book - Borrowing | 640.00 | |||||
| Dewey Decimal Classification | Baccah | Central Library | Central Library | First floor | 08/10/2017 | Purchase | 330.959 HOL | 000042044 | 15/07/2025 | Book - Borrowing | 640.00 | |||||||
| Dewey Decimal Classification | Baccah | Central Library | Central Library | First floor | 08/10/2017 | Purchase | 330.959 HOL | 000042045 | 15/07/2025 | NB - Book (Non borrowing) | 640.00 | |||||||
| Dewey Decimal Classification | Baccah | Central Library | Central Library | First floor | 08/10/2017 | Purchase | 330.959 HOL | 000042046 | 15/07/2025 | NB - Book (Non borrowing) | 640.00 | |||||||
| Dewey Decimal Classification | Baccah | Central Library | Central Library | First floor | 08/10/2017 | Purchase | 330.959 HOL | 000042047 | 15/07/2025 | NB - Book (Non borrowing) | 640.00 |